000 00335nam a2200133Ia 4500
008 210210b1974 xxu||||| |||| 00| 0 eng d
082 _a306.2 GHUW
100 _aGHURYE (G S).
245 _aWhither India ?.
260 _aBombay.
_bPopular Prakashan.,
_c1974
300 _aviii,431
690 _aPolitical Sociology
906 _aSG00516
999 _c112076
_d112076